Statistiques concernant Evolutions de Pokémon - 5ème Génération

Cliquez ici pour prendre le quiz!

Statistiques générales

  • Ce quiz a été pris 48 fois
  • Le résultat moyen est 18 sur 24

Statistiques - réponses

PokémonEvolution% Correct
ZoruaZoroark
93%
Vipélierre (2)Majaspic
90%
Gruikui (2)Roitiflam
90%
Moustillon (2)Clamiral
88%
Coupenotte (2)Tranchodon
88%
Sorbébé (2)Sorbouboul
86%
SorbébéSorboul
86%
GruikuiGrotichon
83%
PyronillePyrax
83%
Mascaïman (2)Crocorible
79%
VipélierreLianaja
79%
Nodulithe (2)Gigalithe
76%
MunnaMushana
71%
TutafehTutankafer
71%
FuraiglonGueriaigle
69%
Anchwatt (2)Ohmassacre
69%
Funécire (2)Lugulabre
67%
MascaïmanEscroco
64%
MoustillonMateloutre
64%
NodulitheGéolithe
60%
AnchwattLampéroie
60%
CoupenotteIncisache
57%
ChlorobuleFragilady
48%
FunécireMélancolux
43%

Distribution des résultats

Percentile par nombre de réponses

% des personnes avec chaque résultat

Votre développement - résultats

Vous n’avez pas pris ce quiz